Получение композиционного строительного материала на основе микрокремнезема и негашеной извести; Перспективы развития фундаментальных наук

Bibliographic Details
Parent link:Перспективы развития фундаментальных наук.— 2012.— [С. 431-433]
Main Author: Максякова А. В.
Other Authors: Лотов В. А. Василий Агафонович (научный руководитель)
Summary:Заглавие с экрана
In the production of construction materials are consumed a significant amount of natural mineral resources that requires a large amount of energy. In connection with constant increase of energy costs is actual to reduce the energy consumption both in the production of efficient building materials and service life of buildings. The decrease in construction costs is provided by the use of new effective structural materials due to industrial wastes.
Language:Russian
Published: 2012
Series:Химия
Subjects:
Online Access:http://www.lib.tpu.ru/fulltext/c/2012/C21/143.pdf
Format: Electronic Book Chapter
KOHA link:https://koha.lib.tpu.ru/cgi-bin/koha/opac-detail.pl?biblionumber=238229

MARC

LEADER 00000nla2a2200000 4500
001 238229
005 20231031205114.0
035 |a (RuTPU)RU\TPU\book\259415 
035 |a RU\TPU\book\259413 
090 |a 238229 
100 |a 20130523d2012 k y0rusy50 ca 
101 0 |a rus  |g eng  |g rus 
102 |a RU 
105 |a y z 101zy 
135 |a drcn ---uucaa 
181 0 |a i  
182 0 |a b 
200 1 |a Получение композиционного строительного материала на основе микрокремнезема и негашеной извести  |b Электронный ресурс  |f А. В. Максякова  |g науч. рук. В. А. Лотов  |d Preparation construction composite material on the basis of silica fume and acetylene quicklime 
203 |a Текст  |c электронный 
215 |a 1 файл(346 Кб) 
225 1 |a Химия 
230 |a Электронные текстовые данные (1 файл: 346 Кб) 
300 |a Заглавие с экрана 
320 |a [Библиогр.: с. 433 (4 назв.)] 
330 |a In the production of construction materials are consumed a significant amount of natural mineral resources that requires a large amount of energy. In connection with constant increase of energy costs is actual to reduce the energy consumption both in the production of efficient building materials and service life of buildings. The decrease in construction costs is provided by the use of new effective structural materials due to industrial wastes. 
337 |a Adobe Reader 
463 1 |0 (RuTPU)RU\TPU\book\256864  |t Перспективы развития фундаментальных наук  |l Prospects of fundamental sciences development  |o сборник научных трудов IX Международной конференция студентов и молодых ученых, г. Томск, 24-27 апреля 2012 г.  |f Национальный исследовательский Томский политехнический университет (ТПУ) ; ред. коллегия Е. А. Вайтулевич ; Г. А. Лямина ; Г. А. Воронова ; М. П. Никитич ; А. М. Лидер ; Ю. Р. Цой ; М. Е. Семенов  |v [С. 431-433]  |d 2012 
510 1 |a Preparation construction composite material on the basis of silica fume and acetylene quicklime  |z eng 
610 1 |a электронный ресурс 
610 1 |a труды учёных ТПУ 
610 1 |a получение 
610 1 |a композиционные строительные материалы 
610 1 |a микрокремнеземы 
610 1 |a известь 
700 1 |a Максякова  |b А. В. 
702 1 |a Лотов  |b В. А.  |c химик-технолог  |c профессор Томского политехнического университета, доктор технических наук  |f 1942-  |g Василий Агафонович  |2 stltpush  |4 727 
801 1 |a RU  |b 63413507  |c 20101016 
801 2 |a RU  |b 63413507  |c 20131017  |g RCR 
856 4 |u http://www.lib.tpu.ru/fulltext/c/2012/C21/143.pdf 
942 |c CF